000 00466nam a2200169Ia 4500
003 GCL
008 140319s9999 xx 000 0 eng d
040 _aGCL /
_cGCL
082 0 4 _a620.11
_bL B
100 1 _aJOHN, V.B.
245 1 0 _aINTRODUCTION TO ENGINEERING MATERIALS, 3rd ed /
_cJOHN, V.B.
260 _a[S.N] :
_bINTODUCTION TO EDUCATION LTD. ،
_c1992
300 _a519
650 0 4 _aالتحليل الرياضى
650 0 4 _aMATERIALS
942 _2ddc
_cBK
999 _c16939
_d16939